000 00923nam a22002417a 4500
003 NALT
005 20251125232834.0
008 s2545 th tha d
020 _a9749548035
040 _aNALT
041 _atha
050 _aHB 53
_bส996บ 2545
100 0 _aไสว บุญมา
_932858
245 1 0 _aบ้านนอก-เมืองนอก /
_cไสว บุญมา.
260 3 _aกรุงเทพฯ :
_bเนชั่นมัลติมีเดียกรุ๊ป,
_c2545
300 _a215 หน้า ;
_b
_c21 ซม.
650 4 _aเศรษฐศาสตร์
_912486
_xรวมเรื่อง
651 4 _927662
_aสหรัฐอเมริกา
_xรวมเรื่อง
850 _aNALT
856 4 0 _uhttps://hdl.handle.net/20.500.14156/448206
942 _cGB
_2lcc
998 _bBENJALUCK
_cphon
_j104
_k สายฝน ดีงาม
999 _c12048
_d12048